000 00327nam a2200145 i 4500
001 bg
100 1 _aSZAŁAJKO, Kazimierz.
245 0 _aMatematyka.
_nT.2 /
_cK. Szałajko.
260 _aWarszawa,
_c1985.
040 _cBPK
041 _apol
080 _a51(075.8)
942 _cKS
008 s pl f |000 0 pol
999 _c3027
_d3027
856 _uhttp://koha.tu.koszalin.pl/cgi-bin/koha/opac-detail.pl?biblionumber=3027
_yKatalog online BPK